| 000 | 00415nam a22001697a 4500 | ||
|---|---|---|---|
| 005 | 20160701105439.0 | ||
| 008 | 160701b xxu||||| |||| 00| 0 eng d | ||
| 020 | _a978-93-5014-031-4 | ||
| 041 | _aeng | ||
| 082 | _b18081 | ||
| 100 |
_aSingh, Tarlok _93165 |
||
| 245 | _aBascis Electrical Engineering | ||
| 260 |
_bS.K. Kataria & Sons _c2012 |
||
| 300 | _a293 | ||
| 650 |
_aDiploma Engineering _9817 |
||
| 942 | _cBK | ||
| 999 |
_c5017 _d5015 |
||